|
|
|
|
| LEADER |
02145nam a2200517 a 4500 |
| 001 |
nkc20132479991 |
| 003 |
CZ PrNK |
| 005 |
20220307103705.0 |
| 007 |
ta |
| 008 |
140107s2013 xr a e p 000 0 cze |
| 015 |
|
|
|a cnb002479991
|
| 020 |
|
|
|a 978-80-214-4731-8
|q (brož.)
|
| 035 |
|
|
|a (OCoLC)870286768
|
| 040 |
|
|
|a ABA001
|b cze
|
| 072 |
|
7 |
|a 796
|x Sport. Hry. Tělesná cvičení
|2 Konspekt
|9 20
|
| 072 |
|
7 |
|a 37.016
|x Učební osnovy. Vyučovací předměty. Učebnice
|2 Konspekt
|9 22
|
| 080 |
|
|
|a 613.71/.73
|2 MRF
|
| 080 |
|
|
|a 796/799
|2 MRF
|
| 080 |
|
|
|a 79
|2 MRF
|
| 080 |
|
|
|a (075.8)
|2 MRF
|
| 100 |
1 |
|
|a Korvas, Pavel,
|d 1956-
|7 mzk2004261307
|4 aut
|
| 245 |
1 |
0 |
|a Pohybové aktivity ve volném čase /
|c autoři Pavel Korvas, Jiří Kysel
|
| 246 |
1 |
4 |
|a 1 - Pohybové aktivity ve volném čase
|
| 250 |
|
|
|a 1. vyd.
|
| 260 |
|
|
|a Brno :
|b Centrum sportovních aktivit Vysokého učení technického v Brně,
|c 2013
|
| 300 |
|
|
|a 115 s. :
|b il. (některé barev.) ;
|c 24 cm
|
| 500 |
|
|
|a 200 výt.
|
| 504 |
|
|
|a Obsahuje bibliografie
|
| 521 |
8 |
|
|a Publikace bude sloužit jako školící materiál studentům studijního oboru Management v Tělesné kultuře na VUT v Brně v inovovaných předmětech
|
| 650 |
0 |
7 |
|a pohybová aktivita
|7 ph124199
|2 czenas
|
| 650 |
0 |
7 |
|a sport
|7 ph116248
|2 czenas
|
| 650 |
0 |
7 |
|a volný čas
|7 ph127235
|2 czenas
|
| 650 |
0 |
9 |
|a movement activity
|2 eczenas
|
| 650 |
0 |
9 |
|a sport
|2 eczenas
|
| 650 |
0 |
9 |
|a leisure
|2 eczenas
|
| 655 |
|
7 |
|a učebnice vysokých škol
|7 fd133772
|2 czenas
|
| 655 |
|
9 |
|a textbooks (higher)
|2 eczenas
|
| 700 |
1 |
|
|a Kysel, Jiří,
|d 1984-
|7 ola2010613324
|4 aut
|
| 856 |
4 |
1 |
|u http://www.digitalniknihovna.cz/mzk/uuid/uuid:9fe5fb80-78a3-11e5-99af-005056827e52
|y Digitalizovaný dokument
|x NDK
|
| 910 |
2 |
|
|a BOA001
|b 2-1319.134
|
| 928 |
9 |
|
|a Vysoké učení technické v Brně, Centrum sportovních aktivit
|
| 990 |
|
|
|a BK
|
| 995 |
|
|
|a 01
|
| 991 |
|
|
|b 201402
|c NOV
|e n
|
| 996 |
6 |
|
|b 2610577723
|c 2-1319.134
|l MZK
|r Sklad / do 1 hodiny
|n 4
|p p.v.
|w 001396029
|u 000010
|a 1
|e BOA001
|j MZK50
|s P
|
| 996 |
7 |
|
|b 2610577724
|c 2-1319.134
|l MZK
|r Sklad / do 1 hodiny
|n 10
|p p.v.
|w 001396029
|u 000020
|a 1
|e BOA001
|j MZK50
|s A
|